Jai bharat (Record no. 147964)

MARC details
000 -LEADER
fixed length control field 00550nam a2200205Ia 4500
003 - CONTROL NUMBER IDENTIFIER
control field OSt
005 - DATE AND TIME OF LATEST TRANSACTION
control field 20260226152558.0
008 - FIXED-LENGTH DATA ELEMENTS--GENERAL INFORMATION
fixed length control field 210210b1959 xxu||||| |||| 00| 0 eng d
040 ## - CATALOGING SOURCE
Transcribing agency AL
041 ## - LANGUAGE CODE
Language code of text/sound track or separate title Hindi
082 ## - DEWEY DECIMAL CLASSIFICATION NUMBER
Classification number 861/55
100 ## - MAIN ENTRY--PERSONAL NAME
Personal name GUPTA (Maithilisharan)
Dates associated with a name गुप्त (मैथिलीशरण)
9 (RLIN) 256861
245 ## - TITLE STATEMENT
Title Jai bharat
Remainder of title जय भारत
260 ## - PUBLICATION, DISTRIBUTION, ETC.
Place of publication, distribution, etc. Chirganv
Name of publisher, distributor, etc. Sahity Sadhan
Date of publication, distribution, etc. 1959
650 ## - SUBJECT ADDED ENTRY--TOPICAL TERM
Topical term or geographic name entry element Jai
9 (RLIN) 256862
650 ## - SUBJECT ADDED ENTRY--TOPICAL TERM
Topical term or geographic name entry element bhArat
9 (RLIN) 256863
690 ## - LOCAL SUBJECT ADDED ENTRY--TOPICAL TERM (OCLC, RLIN)
Topical term or geographic name as entry element Hindi Poetry
9 (RLIN) 256864
906 ## - LOCAL DATA ELEMENT F, LDF (RLIN)
a 023076
942 ## - ADDED ENTRY ELEMENTS (KOHA)
Source of classification or shelving scheme Dewey Decimal Classification
Koha item type Book
Holdings
Withdrawn status Lost status Source of classification or shelving scheme Damaged status Not for loan Collection code Home library Current library Shelving location Date acquired Cost, normal purchase price Total Checkouts Full call number Barcode Date last seen Price effective from Koha item type
    Dewey Decimal Classification     Hindi St Aloysius Library St Aloysius Library   02/17/2021 0.00   861/55 023076 02/17/2021 02/17/2021 Book